Vývoj produktivity exportov Slovenskej republiky po vstupe do Európskej únie
Príspevok na báze Hausmannovho indikátora EXPY skúma vývoj produktivity exportov Slovenskej republiky v rokoch 2004-2013. Ukazuje, že v reálnych veličinách stúpla produktivita slovenských exportov za dané desaťročie o 5 %. Aj keď sa uvedená zmena nemusí zdať významná, prevyšuje celosvetový priemer,...
Enregistré dans:
| Auteur principal: | |
|---|---|
| Format: | Chapitre de livre |
| Langue: | slovaque |
| Sujets: | |
| Tags: |
Pas de tags, Soyez le premier à ajouter un tag!
|
MARC
| LEADER | 00000nla a2200000 4500 | ||
|---|---|---|---|
| 001 | 0199050 | ||
| 005 | 20240502073349.7 | ||
| 041 | 0 | |a slo | |
| 044 | |a SK | ||
| 245 | 1 | 0 | |a Vývoj produktivity exportov Slovenskej republiky po vstupe do Európskej únie |c Martin Grančay |
| 520 | |a Príspevok na báze Hausmannovho indikátora EXPY skúma vývoj produktivity exportov Slovenskej republiky v rokoch 2004-2013. Ukazuje, že v reálnych veličinách stúpla produktivita slovenských exportov za dané desaťročie o 5 %. Aj keď sa uvedená zmena nemusí zdať významná, prevyšuje celosvetový priemer, aj priemer v rámci Európskej únie. Slovenské exporty sa však stále nezotavili z hospodárskej krízy. | ||
| 610 | 2 | 0 | |a produktivita |
| 610 | 2 | 0 | |a vývoz |
| 610 | 2 | 0 | |a ukazovatele |
| 610 | 2 | 0 | |a obchod zahraničný |
| 610 | 2 | 0 | |a Slovensko |
| 100 | 1 | |a Grančay, Martin, 1984-2024 | |